000 00714nam a2200289Ia 4500
005 20260324133013.0
008 008 260324s9999 xx 000 0 eng d
020 _a9780429037467
037 _aEBOOK
040 _aCRL
040 _beng
040 _cCRL
041 _2eng
041 _aeng
084 _qCRL
100 _aR. Lawrence Butler
_91191439
245 0 _aClaiming the Mantle
245 0 _bHow Presidential Nominations Are Won and Lost Before the Votes Are Cast
260 _bTaylor and Francis
260 _c2004
365 _a
365 _b230
856 _uhttp://www.taylorfrancis.com/books/9780429037467
942 _cEBOOK
999 _c1790073
_d1790073